000 01214cam a22002652i 4500
003 SA_RiAUC
005 20240904152547.0
008 240830s2008____su g 000 0dara c
040 _aSA-RiKAPL
_bara
_cSA-RiAUC
_erda
082 0 _a252.5
_bف ق هـ
090 _a252.5
_bف ق هـ
245 0 0 _aفقه عطاء بن أبي رباح في المناسك :
_bمقارنة بينه وبين فقه الصحابة والتابعين وأصحاب المذاهب /
_cجمع ودراسة محمد بن عبد العزيز اللحيدان.
250 _aالطبعة الأولى.
264 1 _aالرياض :
_bمحمد بن عبد العزيز اللحيدان،
_c2008
300 _a2 مجلد ؛
_c24 سم
336 _aنص
_btxt
_2rdacontent
_3كتاب
337 _aبدون وسيط
_bn
_2rdamedia
338 _aمجلد
_bnc
_2rdacarrier
600 1 7 _aابن أبي رباح، عطاء بن أسلم بن صفوان،
_d27-114 هجري
_2aucnm
650 0 _aالحج (فقه إسلامي)
_2aucsh
_952
650 7 _aالعبادات (فقه إسلامي).
_2aucsh
700 _aاللحيدان، محمد بن عبد العزيز
_eجامع.
_967
942 _2ddc
_cBOOK
949 _aSA-JeALM
_d240830
_ukhaled123
_n1
999 _c23
_d23